[Event "HUN-chT2 Szechenyi 0910"]
[Site "Hungary"]
[Date "2009.12.20"]
[Round "4.9"]
[White "Szalai, Adam"]
[Black "Guzs, Laszlo"]
[Result "0-1"]
[WhiteElo "1675"]
[BlackElo "2048"]
[PlyCount "102"]
[EventDate "2009.11.08"]
[EventType "team-tourn"]
[EventRounds "11"]
[EventCountry "HUN"]
[SourceTitle "EXT 2011"]
[Source "ChessBase"]
[SourceDate "2010.11.26"]
[SourceVersion "1"]
[SourceVersionDate "2010.11.26"]
[SourceQuality "1"]
[WhiteTeam "Lovo"]
[BlackTeam "Gyor Elektromos"]
[WhiteTeamCountry "HUN"]
[BlackTeamCountry "HUN"]

1. e4 e5 2. Nf3 Nf6 3. Nc3 Bb4 4. Bc4 d6 5. d3 h6 6. Bd2 c6 7. Qe2 a5 8. a4 0-0 9. h3 Qe7 10. 0-0 Na6 11. Nd1 Bxd2 12. Nxd2 Nc5 13. f4 exf4 14. Rxf4 d5 15. Bb3 Nxb3 16. Nxb3 Re8 17. Nc3 Qd6 18. Rf3 Bd7 19. Re1 dxe4 20. dxe4 Re5 21. Rd3 Qe7 22. Nd2 Qc5+ 23. Qf2 Qxf2+ 24. Kxf2 Rae8 25. Kf3 Be6 26. g4 Nh7 27. Re2 Ng5+ 28. Kg3 f6 29. h4 Nf7 30. b3 Rc5 31. Nf3 b5 32. axb5 cxb5 33. Nd4 Bxg4 34. Ree3 Ne5 35. Rd2 Bd7 36. Nd5 Nc6 37. Nxb5 Ne5 38. Nd4 a4 39. b4 Rc4 40. c3 Rb8 41. Kg2 Kf7 42. Nf5 Bxf5 43. exf5 Rxh4 44. Ra2 Rd8 45. Nc7 Nc4 46. Rg3 a3 47. Nb5 Rh5 48. Nd4 Rg5 49. Kf3 Re8 50. Ne6 Rxf5+ 51. Nf4 g5 0-1